[Event "Titled Tuesday 2024.06.18 Early"]
[Site "chess.com INT"]
[Date "2024.06.18"]
[Round "5"]
[White "Suleymanli, Aydin"]
[Black "Atanasov, Anthony"]
[Result "1/2-1/2"]
[WhiteElo "2626"]
[BlackElo "2407"]
[PlyCount "134"]
[EventDate "2024.06.18"]
[EventType "swiss (blitz)"]
[EventRounds "11"]
[EventCountry "NET"]
[Source "Mark Crowther"]
[SourceDate "2024.06.24"]

1. c4 e5 2. Nc3 Nf6 3. Nf3 e4 4. Ng5 c6 5. Qa4 Qe7 6. Qc2 d5 7. cxd5 Bf5 8. d6
Qd7 9. Ngxe4 Nxe4 10. Nxe4 Qe6 11. f3 Nd7 12. d3 Bxe4 13. dxe4 Bxd6 14. Bd2
O-O-O 15. e3 Nb6 16. a4 Qe7 17. Qb3 Qh4+ 18. Ke2 Be5 19. Be1 Qf6 20. f4 Bxb2
21. e5 Bxe5 22. fxe5 Qxe5 23. Rb1 Rhe8 24. a5 Rd5 25. axb6 Rb5 26. bxa7 Rxb3
27. a8=Q+ Kd7 28. Rd1+ Ke7 29. Qa7 Qh5+ 30. Kf2 Qxd1 31. Be2 Qd6 32. Qa4 Ra3
33. Qe4+ Kd7 34. Qf5+ Qe6 35. Qxe6+ Rxe6 36. Bg4 Raxe3 37. Bd2 R3e4 38. Bxe6+
Kxe6 39. Rc1 Kd5 40. Be3 b5 41. Rc5+ Kd6 42. Rf5 f6 43. Kf3 Rc4 44. g4 b4 45.
Ra5 c5 46. Rb5 Kc6 47. Rb8 Kd5 48. h3 Rc3 49. Ke2 b3 50. h4 Rc2+ 51. Bd2 c4 52.
Kd1 Ke4 53. g5 fxg5 54. hxg5 Kf5 55. Rf8+ Kg6 56. Rc8 h5 57. gxh6 gxh6 58. Rc6+
Kf5 59. Rxh6 Ke4 60. Rh4+ Kd3 61. Rh3+ Kd4 62. Bh6 c3 63. Bg7+ Kc4 64. Bxc3
Rxc3 65. Rxc3+ Kxc3 66. Kc1 b2+ 67. Kb1 Kb3 1/2-1/2

[Event "Titled Tuesday 2024.06.11 Late"]
[Site "chess.com INT"]
[Date "2024.06.11"]
[Round "2"]
[White "Weisz, Bryan"]
[Black "Atanasov, Anthony"]
[Result "0-1"]
[WhiteElo "2003"]
[BlackElo "2407"]
[PlyCount "70"]
[EventDate "2024.06.11"]
[EventType "swiss (blitz)"]
[EventRounds "11"]
[EventCountry "NET"]
[Source "Mark Crowther"]
[SourceDate "2024.06.17"]

1. d4 d5 2. e3 c6 3. Nf3 Bf5 4. c4 e6 5. cxd5 exd5 6. Nc3 Nf6 7. Bd3 Bxd3 8.
Qxd3 Bd6 9. O-O O-O 10. Rb1 Qe7 11. a3 a5 12. Bd2 Ne4 13. Qc2 f5 14. b4 axb4
15. axb4 Nd7 16. b5 Rf6 17. bxc6 bxc6 18. Ne2 Rh6 19. Ng3 Rf8 20. Qxc6 Ndf6 21.
Nxf5 Qe6 22. Nxh6+ gxh6 23. Bb4 Bxh2+ 24. Nxh2 Qxc6 25. Bxf8 Kxf8 26. Rfc1 Nc3
27. Kh1 Nfe4 28. Ng4 h5 29. Ne5 Nxf2+ 30. Kh2 Ng4+ 31. Nxg4 hxg4 32. Rb8+ Kg7
33. Rb3 Qh6+ 34. Kg3 Qxe3+ 35. Kxg4 Qxc1 0-1

[Event "Titled Tuesday 2024.06.11 Late"]
[Site "chess.com INT"]
[Date "2024.06.11"]
[Round "3"]
[White "Atanasov, Anthony"]
[Black "Womacka, M."]
[Result "0-1"]
[WhiteElo "2407"]
[BlackElo "2359"]
[PlyCount "118"]
[EventDate "2024.06.11"]
[EventType "swiss (blitz)"]
[EventRounds "11"]
[EventCountry "NET"]
[Source "Mark Crowther"]
[SourceDate "2024.06.17"]

1. d4 Nf6 2. Bf4 e6 3. e3 c5 4. Nf3 d5 5. Nbd2 Bd6 6. c3 O-O 7. Bd3 Bxf4 8.
exf4 b6 9. h4 Ba6 10. Bc2 Nc6 11. a3 cxd4 12. cxd4 Ne7 13. h5 h6 14. Ne5 Nf5
15. Ndf3 Nd6 16. Bd3 Bxd3 17. Qxd3 Rc8 18. O-O Nxh5 19. g3 Nf6 20. Rac1 Qe7 21.
Nc6 Qb7 22. Nfe5 Rfe8 23. f3 Nd7 24. Rc3 Nxe5 25. Nxe5 Rxc3 26. Qxc3 Rc8 27.
Qb4 Qc7 28. g4 f6 29. Nd3 Nf7 30. Rc1 Qd7 31. Rxc8+ Qxc8 32. Qe7 a5 33. Kg2
Qc2+ 34. Nf2 Qc8 35. a4 Nd8 36. Qe8+ Kh7 37. g5 fxg5 38. fxg5 hxg5 39. Qh5+ Kg8
40. Qe8+ Kh7 41. Nh3 Qc2+ 42. Kg3 Nc6 43. Nxg5+ Kh6 44. Nf7+ Kh7 45. f4 Nxd4
46. Ng5+ Kh6 47. Nf7+ Kh7 48. Qh8+ Kg6 49. Ne5+ Kf5 50. Qh7+ Kf6 51. Qh4+ Kf5
52. Qg4+ Ke4 53. Qg6+ Ke3 54. Qxg7 Qf2+ 55. Kh3 Qf1+ 56. Kh4 Qxf4+ 57. Ng4+ Kd2
58. Qe7 Nf5+ 59. Kh5 Nxe7 0-1

[Event "Maplewood Pro Cup"]
[Site "Montreal CAN"]
[Date "2024.05.31"]
[Round "1.3"]
[White "Atanasov, Anthony"]
[Black "Libersan, Thierry"]
[Result "1-0"]
[WhiteElo "2417"]
[BlackElo "1945"]
[PlyCount "49"]
[EventDate "2024.05.31"]
[EventType "swiss"]
[EventRounds "6"]
[EventCountry "CAN"]

1. e4 c5 2. Nf3 e6 3. d4 cxd4 4. Nxd4 Nc6 5. a3 Nf6 6. Nc3 Qc7 7. Be3 a6 8. f4
d6 9. Qf3 Bd7 10. Bd3 Be7 11. O-O h5 12. h3 h4 13. Qf2 Nh5 14. Nf3 Ng3 15. Rfe1
b5 16. a4 b4 17. Nd5 exd5 18. exd5 Na7 19. Bd4 Kf8 20. Bxg7+ Kxg7 21. Rxe7 Nc8
22. Qd4+ Kg8 23. Rxf7 Qa7 24. Rg7+ Kf8 25. Rxd7 1-0

[Event "Maplewood Pro Cup"]
[Site "Montreal CAN"]
[Date "2024.06.01"]
[Round "2.3"]
[White "Kot, Emanuel"]
[Black "Atanasov, Anthony"]
[Result "0-1"]
[WhiteElo "2105"]
[BlackElo "2417"]
[PlyCount "80"]
[EventDate "2024.05.31"]
[EventType "swiss"]
[EventRounds "6"]
[EventCountry "CAN"]

1. e4 e5 2. Nf3 Nf6 3. Nxe5 d6 4. Nf3 Nxe4 5. Nc3 Nf6 6. d4 g6 7. Bd3 Bg7 8.
O-O O-O 9. h3 a6 10. Ne2 Re8 11. Ng3 c5 12. c3 Nc6 13. dxc5 dxc5 14. Be3 b6 15.
Qc2 Qc7 16. Rfe1 Nd5 17. Bd2 Bb7 18. Be4 Nf4 19. Rad1 Re7 20. Qc1 Bh6 21. Nh2
f5 22. Bd5+ Nxd5 23. Bxh6 Rxe1+ 24. Rxe1 Ne5 25. Qd2 Nf7 26. c4 Nxh6 27. cxd5
Nf7 28. Ne2 Re8 29. Nf3 Qd6 30. Rd1 Qxd5 31. Qxd5 Bxd5 32. Rxd5 Rxe2 33. Nd2
Re1+ 34. Kh2 Rd1 35. Kg3 Kf8 36. Kf3 Ke7 37. Ke2 Ra1 38. a3 Ra2 39. Nc4 b5 40.
Nd2 c4 0-1

[Event "Maplewood Pro Cup"]
[Site "Montreal CAN"]
[Date "2024.06.01"]
[Round "3.3"]
[White "Atanasov, Anthony"]
[Black "Guillemette, Hugo"]
[Result "1-0"]
[WhiteElo "2417"]
[BlackElo "2002"]
[PlyCount "113"]
[EventDate "2024.05.31"]
[EventType "swiss"]
[EventRounds "6"]
[EventCountry "CAN"]

1. e4 c5 2. Nf3 e6 3. d4 cxd4 4. Nxd4 Nc6 5. Nc3 Qc7 6. a3 a6 7. Be3 b5 8. f4
Bb7 9. Nxc6 Bxc6 10. Qd4 Rc8 11. Be2 Nf6 12. g4 d5 13. e5 Ne4 14. Nxe4 dxe4 15.
O-O Bd5 16. a4 Bc5 17. Qxc5 Qxc5 18. Bxc5 Rxc5 19. c3 O-O 20. axb5 axb5 21. Kf2
f6 22. Ke3 b4 23. Kd4 Rfc8 24. Rfc1 g5 25. fxg5 fxe5+ 26. Ke3 bxc3 27. b4 R5c7
28. Ra3 c2 29. b5 Rf7 30. b6 Rcf8 31. Rc3 Rb8 32. R1xc2 Rxb6 33. h4 Rb1 34. h5
Kg7 35. Rc1 Rbb7 36. Ra3 Rb2 37. Rc8 Rfb7 38. h6+ Kf7 39. Rh8 R7b3+ 40. Rxb3
Rxb3+ 41. Kd2 Rb2+ 42. Ke3 Rb3+ 43. Kd2 Rb2+ 44. Kd1 Bb3+ 45. Ke1 Rb1+ 46. Kd2
Rb2+ 47. Ke3 Bd5 48. Rxh7+ Kg8 49. g6 Rb3+ 50. Kf2 Rh3 51. Kg2 Rh4 52. Rg7+ Kh8
53. g5 e3+ 54. Kg3 Ra4 55. Rf7 Ra8 56. g7+ Kh7 57. Rf8 1-0

[Event "Maplewood Pro Cup"]
[Site "Montreal CAN"]
[Date "2024.06.01"]
[Round "4.2"]
[White "Preotu, Razvan"]
[Black "Atanasov, Anthony"]
[Result "0-1"]
[WhiteElo "2463"]
[BlackElo "2417"]
[PlyCount "100"]
[EventDate "2024.05.31"]
[EventType "swiss"]
[EventRounds "6"]
[EventCountry "CAN"]

1. Nf3 d5 2. g3 e6 3. Bg2 c5 4. O-O Nf6 5. d3 Nc6 6. Bf4 Bd6 7. Bxd6 Qxd6 8.
Nbd2 e5 9. e4 d4 10. Nc4 Qc7 11. c3 Be6 12. cxd4 cxd4 13. Rc1 Nd7 14. b4 Bxc4
15. Rxc4 b5 16. Rc2 Qd6 17. Qb1 Nxb4 18. Rb2 Na6 19. Rxb5 Nac5 20. Bh3 O-O 21.
Bxd7 Nxd7 22. Rd5 Qf6 23. Kg2 Rab8 24. Qe1 Qc6 25. Qc1 Qa4 26. Qc7 Nf6 27. Ra5
Qb4 28. Rxa7 Qb5 29. Nxe5 Rbc8 30. Qa5 Qb2 31. a4 h5 32. h3 Qe2 33. Re1 Qa2 34.
Qb4 h4 35. g4 Rcd8 36. Nc6 Nd5 37. Qb1 Nf4+ 38. Kf3 Qd2 39. Qd1 Qa2 40. Qb1 Qd2
41. Qc1 Qxd3+ 42. Kxf4 Rd6 43. Ne7+ Kh7 44. Nf5 g5+ 45. Kxg5 Qf3 46. Rf1 Rg6+
47. Kxh4 Rh8 48. Ng3 Kg7+ 49. Nh5+ Rxh5+ 50. gxh5 Qf6+ 0-1

[Event "Maplewood Pro Cup"]
[Site "Montreal CAN"]
[Date "2024.06.02"]
[Round "5.1"]
[White "Atanasov, Anthony"]
[Black "Noritsyn, Nikolay"]
[Result "1-0"]
[WhiteElo "2417"]
[BlackElo "2450"]
[PlyCount "100"]
[EventDate "2024.05.31"]
[EventType "swiss"]
[EventRounds "6"]
[EventCountry "CAN"]

1. d4 Nf6 2. c4 e6 3. Bf4 d5 4. cxd5 Nxd5 5. Bg3 c5 6. e4 Nf6 7. Nd2 Nc6 8.
dxc5 Bxc5 9. e5 Nd5 10. Ngf3 O-O 11. a3 Nd4 12. Rc1 Nxf3+ 13. Nxf3 Be7 14. Bd3
Qa5+ 15. Nd2 Bd7 16. O-O Bb5 17. Nc4 Qa6 18. b3 Nb6 19. Qh5 g6 20. Qf3 Nxc4 21.
Bxc4 Rac8 22. Bxb5 Qxb5 23. a4 Qd5 24. Qxd5 exd5 25. Rfd1 d4 26. Bf4 g5 27.
Rxc8 Rxc8 28. Rc1 Rd8 29. Bd2 Rd5 30. Rc7 Rxe5 31. Kf1 a6 32. Rxb7 Re6 33. a5
Kg7 34. b4 Kf6 35. b5 axb5 36. Rxb5 h6 37. Rd5 Rd6 38. Rxd6+ Bxd6 39. a6 Bc5
40. Ke2 Ke5 41. Kd3 Kd5 42. Bb4 Ba7 43. g4 Kc6 44. Bf8 Kb5 45. Bxh6 Kxa6 46.
Bxg5 Kb5 47. h4 Kc5 48. h5 Bb8 49. Bf6 Bf4 50. g5 Kd5 1-0

[Event "Maplewood Pro Cup"]
[Site "Montreal CAN"]
[Date "2024.06.02"]
[Round "6.1"]
[White "Vettese, Nicholas"]
[Black "Atanasov, Anthony"]
[Result "0-1"]
[WhiteElo "2247"]
[BlackElo "2417"]
[PlyCount "108"]
[EventDate "2024.05.31"]
[EventType "swiss"]
[EventRounds "6"]
[EventCountry "CAN"]

1. Nf3 d5 2. g3 Bf5 3. c4 dxc4 4. Na3 e5 5. Bg2 Bxa3 6. Qa4+ Qd7 7. Qxa3 Nc6 8.
Qc5 f6 9. Qxc4 Nge7 10. O-O h5 11. b4 Be6 12. Qc5 b6 13. Qc3 Nd5 14. Qb2 Bh3
15. Bxh3 Qxh3 16. Qc2 Qe6 17. b5 e4 18. bxc6 exf3 19. Qg6+ Kf8 20. exf3 Rh6 21.
Ba3+ Kg8 22. Qe4 f5 23. Qd3 Qf7 24. Rfe1 Re6 25. Rxe6 Qxe6 26. Bb2 Re8 27. Rc1
Qf7 28. f4 h4 29. Be5 a5 30. a3 h3 31. f3 g5 32. Kf2 Kh7 33. Rg1 Re7 34. Bb2
Kg6 35. fxg5 Qe6 36. Rc1 Kxg5 37. f4+ Kh6 38. Qf1 Kg6 39. Be5 Nf6 40. Kg1 Ng4
41. Qxh3 Rh7 42. Qf1 Rxh2 43. Qc4 Qxc4 44. Rxc4 Rxd2 45. Rc3 Nxe5 46. fxe5 Kf7
47. Rf3 Ke6 48. g4 fxg4 49. Rf6+ Kxe5 50. Rf7 Ra2 51. Rxc7 Kd6 52. Rc8 Rxa3 53.
Kf2 g3+ 54. Kg2 Rc3 0-1

[Event "1000GM Memorial Day"]
[Site "San Francisco USA"]
[Date "2024.05.23"]
[Round "1.13"]
[White "Atanasov, Anthony"]
[Black "Wu, Sibo"]
[Result "1-0"]
[WhiteElo "2417"]
[BlackElo "2146"]
[PlyCount "83"]
[EventDate "2024.05.23"]
[EventType "swiss"]
[EventRounds "9"]
[EventCountry "USA"]
[Source "ChessMix"]
[SourceDate "2024.06.10"]

1. e4 c5 2. Nf3 Nc6 3. Nc3 g6 4. Bb5 Bg7 5. d3 Nd4 6. Bc4 d6 7. Nxd4 cxd4 8.
Ne2 e6 9. h4 h5 10. Bg5 Qc7 11. c3 dxc3 12. Nxc3 a6 13. Rc1 Qb8 14. a4 Nf6 15.
d4 O-O 16. Qf3 Ng4 17. Qd3 Re8 18. Bb3 Bd7 19. f3 Nf6 20. Kf2 b5 21. a5 Nh7 22.
Be3 d5 23. exd5 e5 24. Qd2 Nf6 25. Ne2 e4 26. Bf4 Qd8 27. Ng3 Bc8 28. d6 Be6
29. d5 Bc8 30. Rhe1 exf3 31. gxf3 Bf8 32. Rc6 Rxe1 33. Qxe1 Bb7 34. Qd2 Rc8 35.
Qc2 Ne8 36. Ne4 Qxh4+ 37. Bg3 Qd8 38. Nc5 Bxc6 39. dxc6 Qg5 40. Bxf7+ Kh7 41.
Ne6 Qf6 42. Nxf8+ 1-0

[Event "1000GM Memorial Day"]
[Site "San Francisco USA"]
[Date "2024.05.24"]
[Round "2.9"]
[White "Dukic, Zachary"]
[Black "Atanasov, Anthony"]
[Result "0-1"]
[WhiteElo "2267"]
[BlackElo "2417"]
[PlyCount "118"]
[EventDate "2024.05.23"]
[EventType "swiss"]
[EventRounds "9"]
[EventCountry "USA"]
[Source "ChessMix"]
[SourceDate "2024.06.10"]

1. e4 Nc6 2. Nf3 d6 3. d4 Nf6 4. Nc3 e6 5. g3 d5 6. e5 Ne4 7. Ne2 a5 8. Bg2 a4
9. O-O Be7 10. c4 O-O 11. cxd5 exd5 12. Nd2 Bf5 13. Nxe4 Bxe4 14. f3 Bg6 15.
Nc3 Nb4 16. f4 Bc2 17. Qd2 Bd3 18. a3 Bxf1 19. Kxf1 Nc6 20. Bxd5 Nxd4 21. Qxd4
c6 22. Bxf7+ Rxf7 23. Qc4 Qb6 24. Nxa4 Qd8 25. Nc3 b5 26. Qe2 b4 27. Nd1 Qd4
28. a4 b3 29. Nc3 Bc5 30. Kg2 Qg1+ 31. Kh3 Re8 32. Ne4 Re6 33. Nxc5 Rh6+ 34.
Kg4 Qxc5 35. Be3 Qd5 36. Rd1 Rxh2 37. Rxd5 Rxe2 38. Rd8+ Rf8 39. Rxf8+ Kxf8 40.
Bc5+ Kf7 41. Ba3 Re4 42. Kf5 Rxa4 43. e6+ Ke8 44. Bd6 Ra5+ 45. Ke4 h5 46. f5
Ra4+ 47. Kf3 c5 48. Be5 Kf8 49. Bd6+ Kg8 50. Ke3 Rd4 51. Be5 Rd1 52. Kf4 Re1
53. Bc3 Rc1 54. Be5 c4 55. Kg5 Re1 56. Bd4 Re4 57. Bc3 Re3 58. Bd4 Rxg3+ 59.
Kxh5 c3 0-1

[Event "1000GM Memorial Day"]
[Site "San Francisco USA"]
[Date "2024.05.24"]
[Round "3.1"]
[White "Atanasov, Anthony"]
[Black "Plat, Vojtech"]
[Result "1/2-1/2"]
[WhiteElo "2417"]
[BlackElo "2494"]
[PlyCount "48"]
[EventDate "2024.05.23"]
[EventType "swiss"]
[EventRounds "9"]
[EventCountry "USA"]
[Source "ChessMix"]
[SourceDate "2024.06.10"]

1. d4 d6 2. e4 Nf6 3. Nc3 e5 4. Nge2 exd4 5. Nxd4 Be7 6. Bf4 Nc6 7. Qd2 Nxd4 8.
Qxd4 O-O 9. O-O-O Be6 10. f3 a6 11. g4 b5 12. Kb1 Nd7 13. Nd5 Bh4 14. Bg3 Bxd5
15. Qxd5 Re8 16. f4 Bxg3 17. hxg3 Nf6 18. Qb3 Nxe4 19. Bd3 Qe7 20. Qd5 Qe6 21.
Qh5 h6 22. Rde1 d5 23. Bxe4 dxe4 24. g5 Rad8 1/2-1/2

[Event "1000GM Memorial Day"]
[Site "San Francisco USA"]
[Date "2024.05.25"]
[Round "4.3"]
[White "Atanasov, Anthony"]
[Black "Stearman, Josiah P"]
[Result "1/2-1/2"]
[WhiteElo "2417"]
[BlackElo "2467"]
[PlyCount "44"]
[EventDate "2024.05.23"]
[EventType "swiss"]
[EventRounds "9"]
[EventCountry "USA"]
[Source "ChessMix"]
[SourceDate "2024.06.10"]

1. d4 d5 2. c4 e6 3. Nc3 Bb4 4. cxd5 exd5 5. Bf4 Nf6 6. e3 O-O 7. Bd3 c5 8.
dxc5 Bxc5 9. Nf3 Nc6 10. O-O a6 11. Rc1 Ba7 12. Bg5 Be6 13. Qa4 h6 14. Bh4 g5
15. Bg3 d4 16. exd4 Nxd4 17. Nxd4 Qxd4 18. Qc2 Nh5 19. Rcd1 Qg7 20. Bd6 Rfd8
21. Bf5 Bd4 22. Bxe6 Rxd6 1/2-1/2

[Event "1000GM Memorial Day"]
[Site "San Francisco USA"]
[Date "2024.05.25"]
[Round "5.6"]
[White "Haldorsen, Benjamin"]
[Black "Atanasov, Anthony"]
[Result "1-0"]
[WhiteElo "2419"]
[BlackElo "2417"]
[PlyCount "79"]
[EventDate "2024.05.23"]
[EventType "swiss"]
[EventRounds "9"]
[EventCountry "USA"]
[Source "ChessMix"]
[SourceDate "2024.06.10"]

1. c4 e6 2. g3 d5 3. Bg2 d4 4. b4 e5 5. Bb2 Nd7 6. c5 a5 7. a3 axb4 8. axb4
Rxa1 9. Bxa1 b6 10. c6 Ndf6 11. Nf3 Bd6 12. Qa4 Be6 13. e3 Ne7 14. exd4 e4 15.
Ng5 Bc4 16. b5 Bd3 17. Nc3 Ned5 18. Qb3 Be7 19. Ncxe4 Nxe4 20. Bxe4 Bxe4 21.
Nxe4 O-O 22. O-O Re8 23. d3 Bb4 24. Bb2 h6 25. Bc1 f5 26. Nd2 Bxd2 27. Bxd2 Kh7
28. Qd1 Kg6 29. Qf3 Nf6 30. Bf4 Qd5 31. Qxd5 Nxd5 32. Ra1 Nxf4 33. gxf4 Kf6 34.
d5 Rd8 35. Ra7 Rxd5 36. Rxc7 Rxb5 37. d4 Rd5 38. Rc8 Ke7 39. c7 Rxd4 40. Rg8
1-0

[Event "1000GM Memorial Day"]
[Site "San Francisco USA"]
[Date "2024.05.26"]
[Round "6.7"]
[White "Sivakumar, Shaashwath"]
[Black "Atanasov, Anthony"]
[Result "0-1"]
[WhiteElo "2304"]
[BlackElo "2417"]
[PlyCount "70"]
[EventDate "2024.05.23"]
[EventType "swiss"]
[EventRounds "9"]
[EventCountry "USA"]
[Source "ChessMix"]
[SourceDate "2024.06.10"]

1. d4 d5 2. c4 e6 3. Nf3 Nf6 4. g3 Bb4+ 5. Bd2 Be7 6. Bg2 O-O 7. Qc2 c6 8. O-O
Nbd7 9. Bf4 a5 10. Rd1 a4 11. Nc3 Qa5 12. Rac1 b5 13. Ne5 Bb7 14. Nxd7 Nxd7 15.
cxb5 cxb5 16. e4 b4 17. exd5 bxc3 18. d6 Bg5 19. Bxb7 Bxf4 20. gxf4 Rab8 21.
Bc6 cxb2 22. Rb1 Rfc8 23. Qxa4 Qf5 24. Qa6 Qxf4 25. Bxd7 Qg4+ 26. Kf1 Qxd1+ 27.
Rxd1 Rc1 28. Qd3 b1=Q 29. Qxb1 Rbxb1 30. Rxc1 Rxc1+ 31. Ke2 Rc2+ 32. Kd3 Rxa2
33. Kc4 Rxf2 34. Kc5 Rf5+ 35. Kc6 Rd5 0-1

[Event "1000GM Memorial Day"]
[Site "San Francisco USA"]
[Date "2024.05.26"]
[Round "7.6"]
[White "Atanasov, Anthony"]
[Black "Rahul, Srivatshav P"]
[Result "0-1"]
[WhiteElo "2417"]
[BlackElo "2452"]
[PlyCount "88"]
[EventDate "2024.05.23"]
[EventType "swiss"]
[EventRounds "9"]
[EventCountry "USA"]
[Source "ChessMix"]
[SourceDate "2024.06.10"]

1. d4 d5 2. c4 e6 3. Nc3 c5 4. cxd5 exd5 5. Nf3 Nc6 6. e3 Nf6 7. Be2 cxd4 8.
Nxd4 Bc5 9. O-O O-O 10. Nxc6 bxc6 11. b3 Qe7 12. Bb2 Bd7 13. Bf3 Rac8 14. Rc1
Rfd8 15. Re1 Bf5 16. Ne2 Bb6 17. Nd4 Bd7 18. g3 Ne4 19. Bg4 Bxg4 20. Qxg4 Bxd4
21. Bxd4 f6 22. Rc2 Rc7 23. Rec1 Rdc8 24. b4 h5 25. Qxh5 Qxb4 26. Bc5 Qb5 27.
Qg4 Re8 28. h4 Qa6 29. Qg6 Qc8 30. Bd4 Re6 31. h5 Rd6 32. Bc5 Rd8 33. g4 Ng5
34. f4 Nf3+ 35. Kh1 Nh4 36. Qd3 Qxg4 37. Qe2 Nf3 38. Qf1 d4 39. Bxd4 Rd5 40.
Rc5 Qg3 41. R1c2 Rxc5 42. Bxc5 Rb7 43. Rf2 Rb1 44. Qxb1 Qh3+ 0-1

[Event "1000GM Memorial Day"]
[Site "San Francisco USA"]
[Date "2024.05.27"]
[Round "8.7"]
[White "Atanasov, Anthony"]
[Black "Griffith, Kyron"]
[Result "1/2-1/2"]
[WhiteElo "2417"]
[BlackElo "2384"]
[PlyCount "61"]
[EventDate "2024.05.23"]
[EventType "swiss"]
[EventRounds "9"]
[EventCountry "USA"]
[Source "ChessMix"]
[SourceDate "2024.06.10"]

1. d4 Nf6 2. c4 e6 3. Bf4 Bb4+ 4. Nd2 d5 5. a3 Bd6 6. Bxd6 Qxd6 7. Ngf3 O-O 8.
Rc1 Nbd7 9. cxd5 exd5 10. Qc2 c6 11. e3 Re8 12. Bd3 Qe7 13. Be2 Ne4 14. Nxe4
dxe4 15. Nd2 Nb6 16. Qc5 Na4 17. Qc2 Nb6 18. Qc5 Na4 19. Qxe7 Rxe7 20. b3 Nb6
21. Nc4 Be6 22. Na5 Bd5 23. Kd2 f5 24. g3 g6 25. b4 a6 26. h4 Kg7 27. Kc3 Na4+
28. Kc2 Nb6 29. Kc3 Na4+ 30. Kc2 Nb6 31. Kc3 1/2-1/2

[Event "1000GM Memorial Day"]
[Site "San Francisco USA"]
[Date "2024.05.27"]
[Round "9.7"]
[White "Rajesh, CS.."]
[Black "Atanasov, Anthony"]
[Result "1-0"]
[WhiteElo "2226"]
[BlackElo "2417"]
[PlyCount "69"]
[EventDate "2024.05.23"]
[EventType "swiss"]
[EventRounds "9"]
[EventCountry "USA"]
[Source "ChessMix"]
[SourceDate "2024.06.10"]

1. Nf3 d5 2. g3 c5 3. Bg2 e6 4. O-O Nf6 5. d3 Nc6 6. Nbd2 Be7 7. e4 O-O 8. Re1
Qc7 9. e5 Nd7 10. Qe2 b5 11. Nf1 b4 12. Bf4 a5 13. Ne3 Qb6 14. h4 Ba6 15. c4
bxc3 16. bxc3 Rab8 17. Nxd5 exd5 18. e6 Nf6 19. exf7+ Kh8 20. Bxb8 Qxb8 21.
Rab1 Qc8 22. Rb6 Ne4 23. Qc2 Nd6 24. Rxe7 Nxe7 25. Rxd6 Rxf7 26. Ng5 Rf6 27. d4
Nf5 28. Rxd5 cxd4 29. cxd4 Qf8 30. Qc7 h6 31. Rd8 hxg5 32. hxg5 Rf7 33. Qb8
Qxd8 34. Qxd8+ Kh7 35. Qb6 1-0

[Event "Titled Tuesday 2024.05.21 Early"]
[Site "chess.com INT"]
[Date "2024.05.21"]
[Round "1"]
[White "Aansh Nandan Nerurkar"]
[Black "Atanasov, Anthony"]
[Result "0-1"]
[WhiteElo "2236"]
[BlackElo "2417"]
[PlyCount "108"]
[EventDate "2024.05.21"]
[EventType "swiss (blitz)"]
[EventRounds "11"]
[EventCountry "NET"]
[Source "Mark Crowther"]
[SourceDate "2024.05.27"]

1. d4 Nf6 2. c4 g6 3. Nf3 Bg7 4. g3 O-O 5. Bg2 Nc6 6. O-O d5 7. cxd5 Nxd5 8. e4
Nb6 9. d5 Na5 10. Qe1 Nac4 11. Nc3 e6 12. b3 Qf6 13. bxc4 Qxc3 14. Qxc3 Bxc3
15. Rb1 Nxc4 16. Bh6 Bg7 17. Bxg7 Kxg7 18. Rfc1 exd5 19. exd5 Nb6 20. Nd4 Rd8
21. Nb5 Bf5 22. Ra1 Nxd5 23. Nxc7 Nxc7 24. Rxc7 Rac8 25. Rxb7 Rd2 26. Rxa7 Rcc2
27. a4 Rxf2 28. Bd5 Bh3 29. a5 Bg2 30. Bb3 Rb2 31. a6 Rxb3 32. Kxf2 Rb2+ 33.
Kg1 Bh3 34. Rb7 Rg2+ 35. Kh1 Rd2 36. Kg1 Rg2+ 37. Kh1 Rd2 38. Rab1 Ra2 39. a7
Bg2+ 40. Kg1 Bxb7 41. Rxb7 g5 42. g4 Kg6 43. h3 f6 44. Kf1 h6 45. Ke1 h5 46.
Kd1 h4 47. Kc1 f5 48. gxf5+ Kxf5 49. Kb1 Ra3 50. Kb2 Ra6 51. Kb3 Kf4 52. Rb4+
Kg3 53. Rb7 Kxh3 54. Kb2 g4 0-1

[Event "Titled Tuesday 2024.05.21 Early"]
[Site "chess.com INT"]
[Date "2024.05.21"]
[Round "2"]
[White "Atanasov, Anthony"]
[Black "Thing, Bibek"]
[Result "1-0"]
[WhiteElo "2417"]
[BlackElo "2282"]
[PlyCount "47"]
[EventDate "2024.05.21"]
[EventType "swiss (blitz)"]
[EventRounds "11"]
[EventCountry "NET"]
[Source "Mark Crowther"]
[SourceDate "2024.05.27"]

1. d4 d5 2. Bf4 Nf6 3. e3 c5 4. Nf3 Nc6 5. Nbd2 cxd4 6. exd4 Bg4 7. c3 e6 8.
Qa4 Bd6 9. Ne5 Bxe5 10. Bxe5 O-O 11. Bg3 Re8 12. Bb5 Qb6 13. b4 Rac8 14. O-O a6
15. Bd3 Nxd4 16. cxd4 Qxd4 17. Bxa6 bxa6 18. Nb3 Qb6 19. Be5 Rc4 20. Bxf6 Rec8
21. Bd4 Rxb4 22. Rac1 e5 23. Rxc8+ Bxc8 24. Qe8# 1-0

[Event "Titled Tuesday 2024.05.21 Early"]
[Site "chess.com INT"]
[Date "2024.05.21"]
[Round "3"]
[White "Rakhimgaliyev, Y."]
[Black "Atanasov, Anthony"]
[Result "0-1"]
[WhiteElo "2251"]
[BlackElo "2417"]
[PlyCount "88"]
[EventDate "2024.05.21"]
[EventType "swiss (blitz)"]
[EventRounds "11"]
[EventCountry "NET"]
[Source "Mark Crowther"]
[SourceDate "2024.05.27"]

1. e4 c5 2. c3 Nf6 3. e5 Nd5 4. d4 cxd4 5. Nf3 Nc6 6. Bc4 Nb6 7. Bb3 d5 8. exd6
Qxd6 9. O-O Be6 10. Na3 Bxb3 11. axb3 e6 12. Nb5 Qd7 13. Nfxd4 Nxd4 14. Qxd4
Qxb5 15. b4 Rd8 16. Qg4 h5 17. Qf3 Bd6 18. Rxa7 Bxh2+ 19. Kxh2 Qxf1 20. Rxb7
Nd7 21. Bg5 f6 22. Qe4 Qa6 23. b5 Qd6+ 24. Bf4 Qd5 25. Qg6+ Kf8 26. Rc7 Qxb5
27. Bd6+ Kg8 28. c4 Qf5 29. Qxf5 exf5 30. Be7 Kf7 31. Bxd8 Rxd8 32. c5 Ke6 33.
c6 Ne5 34. b4 Rb8 35. f4 Ng4+ 36. Kh3 Rxb4 37. Rxg7 Rxf4 38. Rh7 Rc4 39. c7
Rc3+ 40. Kh4 Ne5 41. Kxh5 Nd7 42. Rh8 Rxc7 43. Kg6 Ne5+ 44. Kh6 Nf7+ 0-1

[Event "Titled Tuesday 2024.05.21 Early"]
[Site "chess.com INT"]
[Date "2024.05.21"]
[Round "4"]
[White "Atanasov, Anthony"]
[Black "Makhnev, Denis"]
[Result "0-1"]
[WhiteElo "2417"]
[BlackElo "2518"]
[PlyCount "28"]
[EventDate "2024.05.21"]
[EventType "swiss (blitz)"]
[EventRounds "11"]
[EventCountry "NET"]
[Source "Mark Crowther"]
[SourceDate "2024.05.27"]

1. d4 Nf6 2. Bf4 e6 3. e3 d5 4. Nf3 c5 5. Nbd2 Nc6 6. c3 Nh5 7. Bg5 f6 8. Bh4
g6 9. Bb5 cxd4 10. exd4 Bh6 11. Ne5 Qb6 12. Nxc6 Qxb5 13. Nb4 Nf4 14. Bxf6
Nxg2# 0-1

[Event "Sardinia World op-A"]
[Site "Orosei ITA"]
[Date "2024.04.28"]
[Round "2.7"]
[White "Dardha, Daniel"]
[Black "Atanasov, Anthony"]
[Result "1-0"]
[WhiteElo "2630"]
[BlackElo "2407"]
[PlyCount "79"]
[EventDate "2024.04.27"]
[EventType "swiss"]
[EventRounds "9"]
[EventCountry "ITA"]
[Source "ChessMix "]
[SourceDate "2024.05.10"]

1. Nf3 d5 2. g3 Bf5 3. Bg2 c6 4. c4 dxc4 5. a4 e6 6. O-O Nf6 7. b3 cxb3 8. Qxb3
Qb6 9. Qa2 Bb4 10. a5 Qc7 11. Nd4 O-O 12. Nxf5 exf5 13. Qc2 Re8 14. Bb2 Ne4 15.
d3 Nc5 16. Bxg7 Kxg7 17. Qb2+ Qe5 18. Qxb4 Nba6 19. Qc3 Rad8 20. Ra2 Rd4 21.
Bf3 f6 22. Nd2 Rb4 23. Rc2 Na4 24. Qa3 Qxa5 25. Nc4 Qc5 26. Ne3 Qb5 27. Rc4 Re5
28. Ra1 Nb6 29. Rxb4 Nxb4 30. Qxa7 N6d5 31. Nc4 Nc2 32. Nxe5 fxe5 33. Bxd5 Nxa1
34. Bc4 Qb1+ 35. Kg2 Nc2 36. Qc5 Ne1+ 37. Kh3 Qb2 38. Qe7+ Kg6 39. Bf7+ Kg7 40.
Be8+ 1-0